000 00816nam a22001817a 4500
999 _c189429
_d189429
005 20220701141938.0
010 _aB-744790 RP Aruna Nagar
020 _c65.00
035 _aB-744790
037 _bPansy Books
082 _a344.048
245 _aThe Registration of births and deaths Act, 1969:
_b(18 of 1969) as with The births, Deaths and marriages registration Act, 1886 (6 of 1886) /
260 _aGurgaon
_bLexisNexis
_c2022
270 _a14th Floor, Building No.10, Tower-B, DLF Cyber City, Phase-II
_bGurgaon
_e122002
_k911244774444
300 _aiii,25p.
_c23cm(pbk)
942 _2ddc
_cEN
_mREG
_h344.048